000 00707nam a2200253Ia 4500
003 OSt
005 20220918184743.0
006 a|||||r|||| 00| 0
007 ta
008 220917b |||||||| |||| 00| 0 eng d
024 _a47,958
037 _cTextual
040 _aARTS
_cARTS
_beng
041 _2eng
_aeng
082 _aP0aS5, M7
100 _aPhilips Susan U ed
_966588
245 0 _aLanguage , gender and sex in comparative
260 _aCambridge
_bCUP
_c1987
300 _a333p.
_ccm.
490 _aStudies in the social and cultural foundations of language; 4
650 _aLINGUISTICS
942 _hP0aS5, M7
_cTEXL
_2CC
999 _c177707
_d177707